| 000 | 00708nam a22002057a 4500 | ||
|---|---|---|---|
| 005 | 20100813103430.0 | ||
| 010 | _aENG-100019 | ||
| 020 |
_a9380060211 _c200.00 |
||
| 035 | _aEN-83551 | ||
| 037 | _bDBAD/PUB | ||
| 082 | _a658.15 | ||
| 100 |
_aJayasankar,S _912145 |
||
| 245 |
_aFinancial management / _cby S.Jayasankar |
||
| 260 |
_aSalem _bM.S.K Publications _c2009 |
||
| 270 |
_a3/189-E, Athanoor Amman Kovil St., _bSalem _e636103 |
||
| 300 |
_a326p. _c26cm (pbk) |
||
| 650 |
_aCorporations Finance _912146 |
||
| 942 |
_2ddc _cEN _h658.15 _mJAY |
||
| 999 |
_c41486 _d41486 |
||